Diamonds by the side of the road / (Запис № 488403)

МАРК-запис
000 -LEADER
fixed length control field 01303cam a22003134a 4500
001 - CONTROL NUMBER
control field diamondsbysideof00lamb
003 - CONTROL NUMBER IDENTIFIER
control field CaSfIA
005 - DATE AND TIME OF LATEST TRANSACTION
control field 20210118002008.0
007 - PHYSICAL DESCRIPTION FIXED FIELD--GENERAL INFORMATION
fixed length control field cr||||
008 - FIXED-LENGTH DATA ELEMENTS--GENERAL INFORMATION
fixed length control field 990610s1995 ilua 001 0 eng c
040 ## - CATALOGING SOURCE
Original cataloging agency UPB
Transcribing agency UBY
Modifying agency OCLCG
-- CaSfIA
020 ## - INTERNATIONAL STANDARD BOOK NUMBER
International Standard Book Number 0965236307
020 ## - INTERNATIONAL STANDARD BOOK NUMBER
International Standard Book Number 9780965236300
035 ## - SYSTEM CONTROL NUMBER
System control number (OCoLC)81427880
042 ## - AUTHENTICATION CODE
Authentication code pcc
050 #4 - LIBRARY OF CONGRESS CALL NUMBER
Classification number PS3562.A4278
Item number D5 1995
100 1# - MAIN ENTRY--PERSONAL NAME
Personal name Lamb, Pat,
Dates associated with a name 1932-
245 10 - TITLE STATEMENT
Title Diamonds by the side of the road /
Medium [electronic resource]
Statement of responsibility, etc by Pat Lamb.
260 ## - PUBLICATION, DISTRIBUTION, ETC. (IMPRINT)
Place of publication, distribution, etc Farmer City, Ill. :
Name of publisher, distributor, etc Publishing Plus,
Date of publication, distribution, etc c1995.
300 ## - PHYSICAL DESCRIPTION
Extent 119 p. :
Other physical details ill. ;
Dimensions 18 cm.
500 ## - GENERAL NOTE
General note Poems.
500 ## - GENERAL NOTE
General note Includes index.
506 ## - RESTRICTIONS ON ACCESS NOTE
Standardized terminology for access restriction Необхідна авторизація на https://archive.org/ (створення облікового запису безкоштовно)
506 ## - RESTRICTIONS ON ACCESS NOTE
Standardized terminology for access restriction Необхідна авторизація на https://openlibrary.org/ (створення облікового запису безкоштовно)
655 #7 - INDEX TERM--GENRE/FORM
Genre/form data or focus term Christian poetry
General subdivision Mormon authors.
Source of term lcsh
856 41 - ELECTRONIC LOCATION AND ACCESS
Uniform Resource Identifier <a href="http://www.archive.org/details/diamondsbysideof00lamb">http://www.archive.org/details/diamondsbysideof00lamb</a>
Public note Free eBook from the Internet Archive
856 42 - ELECTRONIC LOCATION AND ACCESS
Uniform Resource Identifier <a href="http://www.openlibrary.org/books/OL8529067M">http://www.openlibrary.org/books/OL8529067M</a>
Public note Additional information and access via Open Library
942 ## - ADDED ENTRY ELEMENTS (KOHA)
Koha item type ЕКнига

Немає доступних примірників.